HODNOTENIE KONTAMINÁCIE PÔD SLOVENSKA PODĽA TOMLINSONOVHO INDEXU (PLI)

Bibliographic Details
Main Authors: Šefčík, Peter (Author), Pramuka, Silvester, 1957-2021 (Author)
Format: Article
Language:Slovak
ISBN:9788089343591

MARC

LEADER 00000naa a2200000uu 4500
001 vtls011072457
003 SK-MaSNL
005 20260302135214.0
008 210908|2011 xo |||||||||||||||||slo|
015 |a SNBRA 
035 |a (urnnbn)urn:nbn:sk:snk:ar-a0cbp1 
035 |a (uuid)7ec301dc-e9f4-4247-884b-eef1ce1648cc 
035 |a urn:nbn:sk:snk-aavhy2 
040 |a SNKBUCL  |b slo  |c SNKBUCL  |e AACR2 
041 0 |a slo 
044 |a xo  |c SK 
100 1 |a Šefčík, Peter  |4 aut  |9 11907 
245 1 0 |a HODNOTENIE KONTAMINÁCIE PÔD SLOVENSKA PODĽA TOMLINSONOVHO INDEXU (PLI)  |c Peter Šefčík, Silvester Pramuka 
700 1 |a Pramuka, Silvester,  |d 1957-2021  |4 aut  |9 228901 
773 0 |t Geochémia 2011  |d Bratislava : Štátny geologický ústav Dionýza Štúra, 2011  |g S. 106-109  |z 9788089343591 
958 |a OND 
958 |a article12 
958 |a chapter 
999 |c 1326558  |d 1328488